000
00309nam a22001337a 4500
008
181207b xxu||||| |||| 00| 0 eng d
020
_a
0815176325
041
_a
eng
080
_2
3rd
_a
610
100
_a
4
101
_a
SHM
245
_a
Clinical Application of Blood Gases
_c
Shapiro,Sh.A
942
_2
udc
_c
BK
999
_c
53040
_d
53040